MARC

LEADER 00000nam0a2200000 4500
001 365718
005 20231102011818.0
035 |a (RuTPU)RU\TPU\retro\23081 
090 |a 365718 
100 |a 20220118d1981 m y0rusy50 ca 
101 0 |a rus 
102 |a RU 
105 |a a j 001zy 
200 1 |a Холодная штпмповка  |e учебник для технических училищ  |f С. А. Еленев 
210 |a Москва  |c Высшая школа  |d 1981 
215 |a 254 с.  |c ил. 
225 1 |a Профтехобразование 
320 |a Библиогр.: с. 250 
606 1 |a Штамповка металлов, холодная  |2 stltpush  |3 (RuTPU)RU\TPU\subj\19475  |9 44713 
610 1 |a учебные пособия 
610 1 |a исходные материалы 
610 1 |a контрольно-измерительные инструменты 
610 1 |a листовая штамповка 
610 1 |a подготовка 
610 1 |a оборудование 
610 1 |a электрооборудование 
610 1 |a штампы 
610 1 |a наладка 
610 1 |a ремонт 
610 1 |a охрана труда 
610 1 |a горячая штамповка 
675 |a 621.735.018(075.3)  |v 4 
700 1 |a Еленев  |b С. А.  |g Сергей Алексеевич 
801 1 |a RU  |b 63413507  |c 20220118 
942 |c BK